| 000 | 00814nab a2200241 u 4500 | ||
|---|---|---|---|
| 001 | 16072 | ||
| 003 | HDC | ||
| 007 | cr bn ---aaaaa | ||
| 008 | 210220c20110605xx dr|noo 0 a eng d | ||
| 040 | _aHDC | ||
| 245 | 0 | _aHDC's Halal Executive Programme Sees 65 New Competent Halal Executives | |
| 260 |
_a[No place] : _b[publisher not identified], _c2011 |
||
| 336 |
_atext _2rdacontent |
||
| 337 |
_acomputer _2rdamedia |
||
| 338 |
_aonline resource _2rdacarrier |
||
| 650 |
_aHalal Executive Programme _916018 |
||
| 650 |
_ahalal industry _9144 |
||
| 710 | _aHalal Focus | ||
| 856 | _zRequest full-text at [email protected] | ||
| 942 | _2lcc | ||
| 942 | _cNEWS | ||
| 942 | _kNWSO 005642 | ||
| 999 |
_c13388 _d13388 |
||